000
00379nam a22001217a 4500
040
_c
RUA
082
_a
ANN OUK 2017 C011 Or.
100
_a
OUK MAKARA,អ៊ុក ម៉ាការា
245
_a
Annual Report 2017,របាយការណ៍ប្រចាំឆ្នាំ ២០១៧
260
_a
phnom penh
_b
rua
_c
2017
300
_a
v.164p.
_b
ill.
_c
29cm.
942
_c
REC
999
_c
22134
_d
22134